¿Puede el hecho de haber nacido constituir un daño resarcible? (Reflexiones desde el derecho argentino a próposito de la Jurisprudencia de la Corte de Casación Francesa) (Registro nro. 25290)

Detalles MARC
000 -LEADER
fixed length control field 00503 a2200121 4500
001 - CONTROL NUMBER
control field ART_10753
005 - DATE AND TIME OF LATEST TRANSACTION
control field 20260410161854.0
008 - FIXED-LENGTH DATA ELEMENTS--GENERAL INFORMATION
fixed length control field 260409a
100 1# - MAIN ENTRY--PERSONAL NAME
Personal name Picasso, Sebastián
245 10 - TITLE STATEMENT
Title ¿Puede el hecho de haber nacido constituir un daño resarcible? (Reflexiones desde el derecho argentino a próposito de la Jurisprudencia de la Corte de Casación Francesa)
700 1# - ADDED ENTRY--PERSONAL NAME
Personal name Saénz, Luis R. J.
773 0# - HOST ITEM ENTRY
Title Derecho privado
Related parts Bioderecho - Año I, Nº 1 (mayo 2012)
Record control number REV10455

No hay ítems disponibles.